| 000 | 00327nam a2200097Ia 4500 | ||
|---|---|---|---|
| 008 | 201216s9999 xx 000 0 und d | ||
| 100 | _aRutherford, D | ||
| 245 | 0 | _aTanker Cargo Handling: A practical handbook for all tanker crew members and helpful to shore installation staff | |
| 260 |
_aLondon _bCharles griffin &co |
||
| 942 | _cBK | ||
| 999 |
_c6288 _d6288 |
||